Visualizzazione normale
Vista MARC
- Nizza Angelo
di Personal Name
Records bibliografici associati: 1
001 - CONTROL NUMBER
- control field: 10899
003 - CONTROL NUMBER IDENTIFIER
- control field: IT-RoPau
005 - DATE AND TIME OF LATEST TRANSACTION
- control field: 20140127121457.0
008 - FIXED-LENGTH DATA ELEMENTS
- fixed length control field: 140127|| aca||aabn | a|a d
040 ## - CATALOGING SOURCE
- Original cataloging agency: IT-RoPau
- Transcribing agency: IT-RoPau
100 ## - HEADING--PERSONAL NAME
- Personal name: Nizza Angelo
- Dates associated with a name: Codice autore SPICS: 13378
- Relator term: Autore
- Name of part/section of a work: L'uccellino della radio
670 ## - SOURCE DATA FOUND
- Source citation: Work cat.: (IT-RoPau)102863: AA.VV. 794, Ribalta per due